000 00288nam a22001337a 4500
008 170619b xxu||||| |||| 00| 0 eng d
020 _a0316851329
041 _aeng
080 _23RD
_a32
100 _a20
101 _aSHP
245 _aPOLITICS CHINA
_cTOWNSEND,J.R
942 _2udc
_cBK
999 _c18006
_d18006